000 01271nam a2200241Ia 4500
003 Ost
005 20260507075258.0
008 260507s9999||||xx |||||||||||||| ||und||
020 _a5196328977
040 _cfsecg
041 _aara
082 _a330
100 _aعبد الخالق، السيد أحمد
_eمؤلف
245 0 _aالاقتصاد السياسي لحماية حقوق الملكية الفكرية في ظل اتفاق التربس /
_c السيد أحمد عبد الخالق
260 _aالاسكندرية:
_bدار الجامعة الجديدة,
_c2006
300 _a294 صفحة؛
_c25 سم
520 _aنبذة عن تطور حماية حقوق الملكية الفكرية و خصائص حماية هذه الملكية في اطار التربس و دوافع عولمة حمايتها ، حماية حقوق الملكية الفكرية و المنافسة العالمية و البحث العلمي و الابتكار و الاستثمار الاجنبي المباشر و نقل التكنولوجيا و التنمية الزراعية .
653 _aالإبتكار
653 _aالاقتصاد
653 _aالاقتصاد السياسي
653 _aحقوق الملكية الفكرية
942 _cكتاب
999 _c43773
_d43773